00530nam a2200205Ia 450000500170000000800460001702000180006303700100008104000080009104000080009904000080010704100080011504100080012308400080013124500730013926000330021226000090024565000210025485600490027520260306150824.0008 260114s9999 xx 000 0 eng d a9783865279682 aEbook aCRL beng cCRL 2eng aeng qCRL 0aMateria crítica: formas de ocio y de consumo en la cultura áurea bVervuert Verlagsgesellschaft c2009 aLiterary Studies uhttps://www.degruyter.com/isbn/9783865279682